Hydrology And Water Resources: (Record no. 166973)

MARC details
000 -LEADER
fixed length control field 00663nam a22001817a 4500
010 ## - LCCN (DPL NO)
LC control number ENG-126196
020 ## - INTERNATIONAL STANDARD BOOK NUMBER
International Standard Book Number 978-93-8546-281-8
Terms of availability 1195.00
035 ## - SYSTEM CONTROL NUMBER
System control number EN-109728
037 ## - SOURCE OF ACQUISITION
Source of stock number/acquisition DBAD/PUB
082 ## - DEWEY DECIMAL CLASSIFICATION NUMBER
Classification number 551.480
100 ## - MAIN ENTRY--PERSONAL NAME
Personal name Rai, Suresh C.
245 ## - TITLE STATEMENT
Title Hydrology And Water Resources:
Statement of responsibility, etc by Suresh C. Rai
Remainder of title A Geographical Perspective/
260 ## - PUBLICATION, DISTRIBUTION, ETC. (IMPRINT)
Place of publication, distribution, etc New Delhi
Name of publisher, distributor, etc Ane Books Pvt.Ltd.
Date of publication, distribution, etc 2017
270 ## - ADDRESS
Address 4821,Parwana Bhawan 1st Floor 24 Ansari Road, Darya Ganj
City New Delhi
Postal code 110002
Telephone number +91(011)23276843,2814209
Electronic mail address anebookschennai.com
300 ## - PHYSICAL DESCRIPTION
Extent xvi239p.
Other physical details 24cm(hb)
500 ## - GENERAL NOTE
General note its include apendix and refrences
942 ## - ADDED ENTRY ELEMENTS (KOHA)
Source of classification or shelving scheme Dewey Decimal Classification
Item type English Books
Classification part 551.480
Call number suffix RAI
Holdings
Withdrawn status Lost status Not for loan Collection code Home library Current library Date acquired Source of acquisition Cost, normal purchase price Full call number Barcode Copy number Cost, replacement price Koha item type
      Non-fiction Andrews Gunj Andrews Gunj 19/08/2019 DBAD/PUB 1195.00 551.480 RAI EN-109728 1 1195.00 English Books

© Delhi Public Library
Hit Counter
free hit counter